| 000 | 01197nam a22002657a 4500 | ||
|---|---|---|---|
| 999 |
_c64071 _d64071 |
||
| 005 | 20240530110713.0 | ||
| 008 | 180213s2015 ua g b 000 0 ara d | ||
| 017 |
_a2015/16659 _bمصر. دار الكتب |
||
| 020 | _a9789773223670 | ||
| 040 |
_aEG-CaGPL _cEG-CaGPL |
||
| 082 | 0 | 4 |
_221 _a953.082 / _bق / ث أ |
| 100 | 1 | _aثوارو، بيتر | |
| 245 | 1 | 0 |
_aاسد مصر : _bالسلطان الظاهر بيبرس والشرق الادنى فى القرن الثالث عشر / _cبيتر ثوار ؛ ترجمة وتقديم وتعليق قاسم عبده قاسم |
| 250 | _aط. 1 | ||
| 260 |
_aالقاهرة : _c2015. _bعين للدراسات و البحوث الانسانية و الاجتماعية، |
||
| 300 |
_a351 ص. ؛ _c24 سم. |
||
| 504 | _aيشتمل على ارجاعات ببليوجرافية | ||
| 600 | 0 | _aالظاهر بيبرس | |
| 650 | 0 | 7 |
_2qrmak _aالمماليك |
| 651 | 0 | 7 |
_2qrmak _aمصر _xتاريخ _yعصر المماليك ( 1250 - 1517 م ) |
| 651 | 0 | 7 |
_2qrmak _aمصر _xالملوك والحكام |
| 700 | 0 |
_aقاسم عبده قاسم _eمترجم ومقدم ومعلق |
|
| 942 |
_2ddc _cBK |
||